| 000 | 00596nam a2200181 a 4500 | ||
|---|---|---|---|
| 003 | 0 | ||
| 005 | 20250214112046.0 | ||
| 008 | 110621s19uu xx 00 eng d | ||
| 050 |
_aPHS HF 5549.5.M63 _b.P21 2011 |
||
| 100 | _aPark, Ho Yong. | ||
| 245 |
_aMotivational factors of employees / _cPark Ho Yong. |
||
| 260 |
_aLas PiƱas City, Philippines : _bSouthville International School and Colleges, _c2011. |
||
| 300 |
_a61 pages : _billustrations ; _c28 cm. |
||
| 504 | _aIncludes bibliographical references. | ||
| 650 | _aEmployee motivation. | ||
| 650 | _aWork motivation. | ||
| 942 |
_2lcc _cPASS |
||
| 999 |
_c98554 _d98554 |
||